logo

Bir Sreshtho Munshi Abdur Rouf Library
Jhenaidah Cadet College

আত্মহত্যার আর্থ-সামাজিক ও মনস্তাত্ত্বিক কারণ / (Record no. 7871)

MARC details
000 -LEADER
fixed length control field 00696nam a22002057a 4500
003 - CONTROL NUMBER IDENTIFIER
JCCL marc code BD-JhCC
005 - DATE AND TIME OF LATEST TRANSACTION
control field 20181006181824.0
008 - FIXED-LENGTH DATA ELEMENTS--GENERAL INFORMATION
fixed length control field 180215b1998 bg ||||| |||| 00| 0 ben d
035 ## - SYSTEM CONTROL NUMBER
system control number (BD-JhCC)
040 ## - CATALOGING SOURCE
Original cataloging agency BD-JhCC
Modifying agency BD-JhCC
041 ## - LANGUAGE CODE
Language code of Book ben
082 ## - DEWEY DECIMAL CLASSIFICATION NUMBER
Classification number 301
Author mark and Year ROH 1998
100 ## - MAIN ENTRY--PERSONAL NAME
Personal name রহমান, মোহাম্মদ হাবিবুর
245 ## - TITLE STATEMENT
Title আত্মহত্যার আর্থ-সামাজিক ও মনস্তাত্ত্বিক কারণ /
Statement of responsibility, etc মোহাম্মদ হাবিবুর রহমান
300 ## - PHYSICAL DESCRIPTION
Pagination 63 p. :
Dimensions 22 cm.
650 ## - SUBJECT ADDED ENTRY--TOPICAL TERM
Topical term or geographic name as entry element Socio-econmic
650 ## - SUBJECT ADDED ENTRY--TOPICAL TERM
Topical term or geographic name as entry element Psychological causes
942 ## - ADDED ENTRY ELEMENTS (KOHA)
Source of classification or shelving scheme Dewey Decimal Classification
Koha item type Books
Holdings
Source of classification or shelving scheme Damaged status Not for loan Home library Current library Shelving location Date of accession Cost, normal purchase price Total Checkouts Full call number Barcode Date last seen Copy number Koha item type
Dewey Decimal Classification     JCC Rouf Library JCC Rouf Library General Stacks 02/15/2018 40.00   301 ROH 1998 10528 02/15/2018 C-1 Books

JCC Library | Contacts | JCC Home

Last Update on 23 September 2017
Copyright @ 2017-2020 JCC Rouf Library
Rouf Library, Jhenidah Cadet College (JCC), Bangladesh